000 nam a22 7a 4500
999 _c154027
_d154025
005 20200131170618.0
008 200131b xxu||||| |||| 00| 0 spa d
020 _a0827047428
050 0 4 _aKDZ574.A35
_bD63 2005
245 1 0 _aDocumentos básicos en materia de derechos humanos en el sistema interamericano
_b: (actualizado a enero 2005)
_cOrganización de los Estados Americanos, Comisión Interamericana de Derechos Humanos, Corte Interamericana de Derechos Humanos.
250 _a1a ed.
260 _aWashington, D.C. :
_bSecretaría General, Organización de los Estados Americanos,
_c2005
300 _av, 261 p. ;
_c26 cm.
650 7 _2lemb
_aDerechos humanos
_zAmerica
710 2 _aComisión Interamericana de Derechos Humanos.
710 2 _aCorte Interamericana de Derechos Humanos.
942 _2lcc
_cLIB